| 000 | 01596 a2200205 4500 | ||
|---|---|---|---|
| 001 | 13852 | ||
| 005 | 20260407155445.0 | ||
| 008 | 260407a1963 arg spa d | ||
| 003 | AR-UNSa-BCEJYS | ||
| 040 |
_aAR-UNSa-BCEJYS _bspa _cAR-UNSa-BCEJYS |
||
| 080 |
_a347.7 _xDerecho Mercantil. Derecho Comercial |
||
| 245 | 1 | 0 |
_aDerecho comercial argentino _pparte general |
| 250 | _a2a. ed. | ||
| 264 | 1 |
_aBuenos Aires : _bVíctor P. de Zavalía _c1963 |
|
| 300 |
_a514 p. _c23 cm. |
||
| 505 | _aVol. 1: 1. Concepto, ubicación y métodos del derecho mercantil - 2. Fuentes del derecho mercantil - 3. Interpretación y aplicación de la ley mercantil - 4. La materia de comercio - 5. La materia de comercio (continuación) - 6. La materia de comercio (continuación) - 7. La materia de comercio (continuación) - 8. La materia de comercio (continuación) - 9. Las relaciones jurídicas mercantiles - 10. Los sujetos de las relaciones jurídicas mercantiles - 11. Obligaciones comunes a los comerciantes - 12. Obligaciones comunes a los comerciantes (continuación) - 13. Obligaciones comunes a los comerciantes (continuación) - 14. Derechos de los comerciantes. El patrimonio comercial y la limitación de la responsabilidad - 15. Bolsas y mercados de comercio - 16. Agentes auxiliares de comercio - 17. Teoría general de la representación - 18. Agentes auxiliares subordinados - 19. Agentes auxiliares autónomos - 20. Agentes auxiliares autónomos (continuación) - 21. La prescripción mercantil | ||
| 942 | _cBK | ||
| 590 | _aniveau_biblio:m niveau_hierar:0 | ||
| 100 | 1 | _aFontanarrosa, Rodolfo O. | |
| 999 |
_c555 _d555 |
||